| 000 | 00708nam a2200229 a 4500 | ||
|---|---|---|---|
| 001 | BRCA_5347 | ||
| 005 | 20190320205036.0 | ||
| 008 | 061210s1993----uk-af#####---#000-0#eng-# | ||
| 020 | _a1850295387 | ||
| 041 | _aeng | ||
| 044 | _aUk | ||
| 050 | 4 |
_aN5208.5 _b.S68 1993 |
|
| 245 | 1 | 0 |
_aSotheby´s _bArt at Auction : The Art Market Review 1992-93. |
| 260 |
_aGran Bretaña _bConran Octopus _c1993 |
||
| 300 |
_a312 p. _bil. (algunas a color) _c27 cm. |
||
| 500 | _aIncluye índice alfabético | ||
| 500 | _aDonación Dr. Héctor Rivero Borrell Vázquez | ||
| 650 | 1 | 4 |
_aArte _xColeccionistas y colecciones _97445 |
| 650 | 1 | 4 |
_aSubastas _xColeccionistas y colecciones _910730 |
| 902 | _aDHR | ||
| 942 |
_2lcc _cB |
||
| 999 |
_c5041 _d5041 |
||